[Event "VI Memorial Pereyra"]
[Site "Mendoza ARG"]
[Date "2007.12.19"]
[Round "6"]
[White "Liascovich,L"]
[Black "Luconi,C"]
[Result "1/2-1/2"]
[WhiteElo "2430"]
[BlackElo "2297"]

1.Nf3 d5 2.c4 d4 3.e3 Nc6 4.b4 Bg4 5.Qa4 Bxf3 6.gxf3 dxe3 7.dxe3 a5 8.bxa5 Rxa5
9.Qb3 e6 10.Bg2 Bb4+ 11.Bd2 Qd6 12.a3 Bxd2+ 13.Nxd2 Nf6 14.Qxb7 O-O 15.Qb2 Rfa8
16.O-O h6 17.Kh1 Rxa3 18.Rxa3 Rxa3 19.Rg1 Kh8 20.Ne4 Qb4  1/2-1/2

[Event "16th Donau Open"]
[Site "Aschach Donau AUT"]
[Date "2007.12.27"]
[Round "2"]
[White "Bernal Moro,L"]
[Black "Juhasz,Kr"]
[Result "1-0"]
[WhiteElo "2443"]
[BlackElo "2032"]

1.Nf3 d5 2.c4 c6 3.e3 Nf6 4.Nc3 g6 5.Be2 Bg7 6.O-O O-O 7.d4 Bg4 8.cxd5 cxd5
9.Qb3 b6 10.h3 Bxf3 11.Bxf3 e6 12.Bd2 Nc6 13.Be2 Na5 14.Qa4 a6 15.b4 Nc4
16.Bxc4 dxc4 17.b5 axb5 18.Qxb5 Qc7 19.Rfc1 Rfc8 20.a4 Qc6 21.Qxc6 Rxc6 22.e4 Ne8
23.Be3 Nc7 24.Rab1 Rd6 25.Bf4 Rd7 26.Rxb6 Bxd4 27.Rb7 e5 28.Bh6 Bxc3 29.Rxc3 Rd1+
30.Kh2 Ne8 31.Rxc4 Nd6 32.Rd7 Nxc4 33.Rxd1 Nb2 34.Rd5 Nxa4 35.Rxe5 Nb6 36.Re7 Na4
37.Rc7 Re8 38.f3 Nb6 39.Be3 Nc8 40.Bc5 Rd8 41.e5 Re8 42.Kg3 Rd8 43.f4 Rd3+
44.Kf2 Rd2+ 45.Ke3  1-0

[Event "16th Donau Open"]
[Site "Aschach Donau AUT"]
[Date "2007.12.27"]
[Round "2"]
[White "Jurek,J"]
[Black "Wagner,Stef"]
[Result "1-0"]
[WhiteElo "2351"]
[BlackElo "2103"]

1.Nf3 d5 2.c4 c6 3.g3 Nf6 4.Bg2 Bg4 5.O-O e6 6.b3 Nbd7 7.Bb2 Bd6 8.d3 O-O
9.Nbd2 Qe7 10.a3 a5 11.h3 Bh5 12.Qc2 e5 13.e4 d4 14.Nh4 Bg6 15.Nf5 Bxf5 16.exf5 c5
17.Bxb7 Ra7 18.Bg2 Nh5 19.Bf3 Ndf6 20.Rae1 Qd7 21.Qd1 g6 22.Bxh5 Nxh5 23.Ne4 Ng7
24.Nf6+  1-0

[Event "16th Donau Open"]
[Site "Aschach Donau AUT"]
[Date "2007.12.28"]
[Round "4"]
[White "Schwabeneder,A"]
[Black "Lautner,J"]
[Result "0-1"]
[WhiteElo "2056"]
[BlackElo "2245"]

1.Nf3 d5 2.c4 e6 3.e3 Nf6 4.b3 c6 5.Bb2 Nbd7 6.Ne5 Bd6 7.f4 O-O 8.Bd3 Ne4
9.Nxd7 Bxd7 10.Qf3 f5 11.Nc3 Bb4 12.a3 Bxc3 13.dxc3 b5 14.cxb5 cxb5 15.Bxe4 fxe4
16.Qe2 Qh4+ 17.Kd2 e5 18.g3 Qh3 19.Rae1 Bg4 20.Qf1 Qh6 21.h3 Be6 22.Kc2 d4
23.Qxb5 Rab8 24.Qxe5 Bxb3+ 25.Kc1 d3 26.Qxe4 Bc2 27.Qc4+ Kh8 28.Rh2 Qb6 29.Qb4 Qe6
30.Qd4 Qa2 31.c4 Qb1+ 32.Kd2 Qxb2 33.Qxb2 Rxb2 34.Kc3 Rb3+ 35.Kd4 d2  0-1

[Event "Harmonie Open A"]
[Site "Groningen NED"]
[Date "2007.12.28"]
[Round "7"]
[White "Halkias,S"]
[Black "Van Oosterom,C"]
[Result "1-0"]
[WhiteElo "2590"]
[BlackElo "2401"]

1.Nf3 d5 2.c4 c6 3.e3 Nf6 4.Nc3 Bf5 5.cxd5 Nxd5 6.d3 Nxc3 7.bxc3 e6 8.e4 Bg6
9.Qb3 b6 10.h4 h6 11.Bf4 Bd6 12.h5 Bh7 13.e5 Be7 14.Rh3 O-O 15.d4 Nd7 16.Rd1 b5
17.Qb2 Bf5 18.Rg3 Kh7 19.Bd3 Bxd3 20.Rxd3 Nb6 21.Qe2 Qd5 22.Nd2 Rg8 23.Rdf3 Kh8
24.Qd3 Raf8 25.Qb1 a5 26.Ne4 Nc4 27.Bxh6 gxh6 28.Nf6 Bxf6 29.Rxf6 Rxg3 30.Rxh6+ Kg7
31.Qh7+  1-0

[Event "XVIII Cracovia"]
[Site "Krakow POL"]
[Date "2007.12.28"]
[Round "2"]
[White "Kveinys,A"]
[Black "Beinoras,M"]
[Result "1-0"]
[WhiteElo "2517"]
[BlackElo "2280"]

1.Nf3 d5 2.c4 c6 3.e3 Bf5 4.cxd5 cxd5 5.Qb3 Qc7 6.Nc3 e6 7.Nh4 Bg6 8.Nxg6 hxg6
9.g3 Nf6 10.Bg2 Be7 11.O-O O-O 12.d3 Nc6 13.Bd2 Rfd8 14.Rfc1 Rac8 15.Ne2 Nd7
16.a3 Qb6 17.Qxb6 Nxb6 18.b3 Ne5 19.d4 Nc6 20.Nf4 Nb8 21.a4 Rxc1+ 22.Rxc1 Rc8
23.Nd3 Rxc1+ 24.Bxc1 Nc8 25.f3 Nc6 26.Bd2 Kf8 27.Kf2 b6 28.Bf1 Bd6 29.Be2 N8e7
30.Bc3 Ke8 31.g4 f5 32.h4 Kf7 33.b4 Nc8 34.b5 Nb8 35.Ne5+ Bxe5 36.dxe5 Nd7
37.Bd4 fxg4 38.f4 Ne7 39.Kg3 Nf5+ 40.Kxg4 Nh6+ 41.Kh3 Nf5 42.Bd3 Ne7 43.e4 Nc8
44.exd5 exd5 45.f5 Nc5 46.fxg6+ Kf8 47.Bxc5+ bxc5 48.a5 Ne7 49.h5 c4 50.Be2 Ke8
51.Kg4 Kd7 52.Kf4 c3 53.Bg4+ Kc7 54.Ke3 d4+ 55.Kd3 Nd5 56.Bd1 Ne3 57.Bb3 Nf5
58.Be6 Ne7 59.h6  1-0

[Event "Weihnachtsopen Meister"]
[Site "Zurich SUI"]
[Date "2007.12.29"]
[Round "5"]
[White "Vogler,T"]
[Black "Papa,S"]
[Result "1-0"]
[WhiteElo "2320"]
[BlackElo "2456"]

1.Nf3 d5 2.c4 c6 3.e3 Nf6 4.Nc3 a6 5.Be2 Bg4 6.cxd5 cxd5 7.Qb3 Ra7 8.h3 Bxf3
9.Bxf3 e6 10.O-O Nc6 11.d4 Be7 12.Na4 Nd7 13.Bd2 b5 14.Nc5 Nxc5 15.dxc5 O-O
16.a4 b4 17.Rac1 Qa5 18.Rc2 Rc8 19.Rfc1 h6 20.Be1 Qc7 21.Bg4 Bf6 22.f4 Rd8
23.Rd1 Qe7 24.Kh1 Bh4 25.Bxh4 Qxh4 26.a5 f5 27.Bf3 Kh8 28.Kh2 Rc8 29.g4 Rf7
30.Rg1 fxg4 31.Rxg4 Qd8 32.Rcg2 Qxa5 33.Rg6 Re7 34.Qc2 Rf8 35.Bxd5 Nd4 36.exd4 exd5
37.Rb6 Re4 38.Qf2 Qa4 39.Qh4 Kh7 40.Qh5 Qe8 41.Rxg7+ Kxg7 42.Qxh6+ Kg8 43.Qg5+  1-0

[Event "Weihnachtsopen Meister"]
[Site "Zurich SUI"]
[Date "2007.12.30"]
[Round "7"]
[White "Vogler,T"]
[Black "Zude,A"]
[Result "0-1"]
[WhiteElo "2320"]
[BlackElo "2439"]

1.Nf3 d5 2.c4 c6 3.e3 Nf6 4.Nc3 e6 5.b3 Nbd7 6.Bb2 Bd6 7.Rc1 O-O 8.Be2 Re8
9.d3 e5 10.cxd5 Nxd5 11.O-O Nxc3 12.Rxc3 Nf6 13.Nd2 Bf5 14.Nc4 Bc7 15.e4 Bg6
16.Rc2 Qe7 17.g3 Rad8 18.Qc1 Qe6 19.Rd1 h6 20.f3 b5 21.Ne3 Bb6 22.Bf1 Nh7
23.h4 Qf6 24.Kg2 Nf8 25.Ng4 Qd6 26.Rxc6 Qb8 27.Be2 h5 28.Ne3 Ne6 29.Nd5 Bd4
30.Rd2 Bxb2 31.Qxb2 Nd4 32.Rc5 f6 33.Bd1 Bf7 34.Nc3 b4 35.Ne2 Qb6 36.Qc1 Ne6
37.Rc4 a5 38.Rc6 Qe3 39.Qc2 Kh7 40.d4 Nxd4 41.Nxd4 Rxd4 42.Re2 Qh6 43.Qc1 Qxc1
44.Rxc1 Red8 45.Bc2 a4 46.Kf2 Rc8 47.Ra1 axb3 48.axb3 Rc3 49.Rb1 Be8 50.Bd1 Bb5
51.Reb2 Kh6 52.Ra1 Bd7 53.Be2 Be6 54.Rab1 g5 55.Bc4 Bxc4 56.bxc4 Rdd3 57.hxg5+ Kxg5
58.f4+ Kg4 59.fxe5 fxe5 60.Rxb4 Rc2+ 61.Kg1 Rxg3+ 62.Kh1 Kh3 63.R4b2 Rxc4
64.Re1 h4 65.Rf2 Rcc3 66.Rh2+ Kg4 67.Rhe2 Rh3+ 68.Kg1 Rcg3+ 69.Rg2 Rxg2+
70.Kxg2 Rg3+ 71.Kh2 Kf3 72.Ra1 Kxe4 73.Ra4+ Kf3 74.Rxh4 Rg8 75.Rh3+ Kf2 76.Rh5 e4  0-1

[Event "Homenaje a los Hermanos Ingolotti"]
[Site "Ciudad del Este PAR"]
[Date "2008.01.06"]
[Round "5"]
[White "Valiente,C"]
[Black "Cubas,Jo"]
[Result "1/2-1/2"]
[WhiteElo "2273"]
[BlackElo "2451"]

1.Nf3 d5 2.c4 c6 3.e3 Nf6 4.d4 a6 5.Nbd2 Bf5 6.Be2 e6 7.O-O Nbd7 8.b3 Be7
9.Bb2 h6 10.Ne5 Nxe5 11.dxe5 Nd7 12.Nf3 O-O 13.Rc1 Bg6 14.Qd2 Qb8 15.Qd4 f6
16.Qg4 Bf7 17.cxd5 cxd5 18.Qg3 f5 19.Nd4 Kh8 20.f4 Rg8 21.Qh3  1/2-1/2

[Event "ch-Reykjavik"]
[Site "Reykjavik ISL"]
[Date "2008.01.06"]
[Round "1"]
[White "Bjarnason,S"]
[Black "Magnusson,P"]
[Result "1-0"]
[WhiteElo "2226"]
[BlackElo "1785"]

1.Nf3 d5 2.c4 e6 3.g3 Nf6 4.Bg2 Be7 5.O-O O-O 6.d4 Ne4 7.Nc3 f5 8.Qc2 c6
9.b3 h6 10.Bb2 Na6 11.Rad1 Nb4 12.Qb1 Qa5 13.Ne5 Nxc3 14.Bxc3 Rf6 15.c5 Qa3
16.Rd2 Na6 17.Rc1 Nc7 18.e3 Nb5 19.Ba1 Qa5 20.b4 Qd8 21.a4 Nc7 22.b5 Bd7
23.Bf1 g5 24.Bc3 Ne8 25.Rb2 Ng7 26.bxc6 Bxc6 27.Ba6 Bxa4 28.Bxb7 Rb8 29.c6  1-0

[Event "XXXIII Open"]
[Site "Sevilla ESP"]
[Date "2008.01.07"]
[Round "4"]
[White "Matamoros Franco,C"]
[Black "Pereira Figueroa,M"]
[Result "1-0"]
[WhiteElo "2529"]
[BlackElo "2181"]

1.Nf3 d5 2.c4 c6 3.g3 Nf6 4.Bg2 Bf5 5.b3 h6 6.Bb2 Nbd7 7.O-O e6 8.d3 Be7
9.Nbd2 O-O 10.a3 a5 11.Qc2 Qb6 12.Rac1 Rfd8 13.Qb1 Rac8 14.Qa1 Bh7 15.Bh3 Ne8
16.Rc2 Bf6 17.Rfc1 Rc7 18.b4 Ra8 19.Bxf6 Nexf6 20.cxd5 exd5 21.Qc3 axb4 22.axb4 Rcc8
23.Rb2 Re8 24.Nb3 Ra3 25.Qd2 Bg6 26.Nc5 Nb8 27.Nd4 Qa7 28.b5 Ra1 29.b6 Rxc1+
30.Qxc1 Qa8 31.Rb3 Bh5 32.Ra3 Na6 33.e3 Bg4 34.Bxg4 Nxg4 35.Nxa6 bxa6 36.Qxc6 Qb8
37.b7 Qe5 38.Rxa6 Nxe3 39.Qxe8+  1-0

[Event "XXXIII Open"]
[Site "Sevilla ESP"]
[Date "2008.01.09"]
[Round "6"]
[White "Roeder,M"]
[Black "Chasovnikova,E"]
[Result "1/2-1/2"]
[WhiteElo "2461"]
[BlackElo "2184"]

1.Nf3 d5 2.c4 d4 3.g3 c5 4.e3 Nc6 5.exd4 cxd4 6.d3 g6 7.Bg2 Bg7 8.O-O Nf6
9.b4 Nxb4 10.Qa4+ Nc6 11.Ne5 Bd7 12.Nxd7 Qxd7 13.Ba3 O-O 14.Nd2 Rfe8 15.Nb3 Rac8
16.Nc5 Qc7 17.Rab1 b6 18.Nb3 Nd7 19.f4  1/2-1/2

[Event "XXXIII Open"]
[Site "Sevilla ESP"]
[Date "2008.01.12"]
[Round "9"]
[White "Roeder,M"]
[Black "Lanzani,M"]
[Result "1/2-1/2"]
[WhiteElo "2461"]
[BlackElo "2349"]

1.Nf3 d5 2.c4 e6 3.b3 a5 4.e3 Be7 5.Bb2 Bf6 6.Nc3 Ne7 7.d4 c5 8.cxd5 cxd4
9.Ne4 Nxd5 10.Nxf6+ Nxf6 11.Nxd4 O-O 12.Ba3 Re8 13.Nb5 Qb6 14.Qd6 Qxd6 15.Bxd6 Na6
16.Bd3 Bd7 17.O-O Rec8 18.a4 Nb4 19.Bxb4 Bxb5 20.Bxb5 axb4 21.Rfd1 Rc3 22.Rab1 Rc2
23.Rd4 Nd5 24.Re1 Rac8 25.g3 g6 26.e4 Nc3 27.Rxb4 Nxb5 28.Rxb5 R8c7 29.e5 g5
30.h3 Rb2 31.Re3 h5 32.Kg2 Kg7 33.g4 h4 34.Rb6 Rcc2 35.Rf3 Rc7 36.Rd6 Re2
37.Re3 Rb2 38.Rdd3 Rcc2 39.Rf3 Rc7 40.Rc3 Re7 41.Rfd3 b5 42.axb5 Re2 43.Re3 Rd2
44.Rc5 Rb7 45.Rec3 Re2 46.Rd3 Re1 47.Rd8 Re2 48.Kf1 Re4 49.f3 Re3 50.Kf2 Rxb3
51.Rcc8 f5 52.Rg8+ Kh6 53.Rh8+ Kg7 54.Rcg8+ Kf7 55.Rf8+ Kg7 56.Rfg8+ Kf7
57.gxf5 Rb2+ 58.Ke3 Rb3+ 59.Ke2 Rb2+ 60.Kd3 Rb3+ 61.Kc4 R7xb5 62.fxe6+ Kxe6
63.Re8+ Kf7 64.Rhf8+ Kg7 65.Rg8+ Kf7 66.Ref8+ Ke6 67.Re8+ Kf7 68.Rgf8+ Kg7
69.Rg8+ Kf7  1/2-1/2

[Event "6th Parsvnath Open"]
[Site "New Delhi IND"]
[Date "2008.01.15"]
[Round "5"]
[White "Pradeep,KR"]
[Black "Ghane,S"]
[Result "0-1"]
[WhiteElo "2238"]
[BlackElo "2442"]

1.Nf3 d5 2.c4 e6 3.g3 Nf6 4.Bg2 Be7 5.O-O O-O 6.d4 c6 7.Qc2 b5 8.cxb5 cxb5
9.Bf4 Bb7 10.Rc1 Nc6 11.Nbd2 Rc8 12.Qd1 Ne4 13.h4 a5 14.Ne5 Nxe5 15.Bxe5 Qb6
16.Nxe4 dxe4 17.Rxc8 Rxc8 18.Rc1 Rxc1 19.Qxc1 Qc6 20.Qxc6 Bxc6 21.f3 Bd5
22.fxe4 Bxa2 23.d5 Bc5+ 24.Kf1 a4 25.Bc7 Kf8 26.Ke1 Bd4 27.Bd6+ Ke8 28.Ba3 b4
29.Bxb4 Bxb2 30.Kd2 Bb3 31.dxe6 Bxe6 32.Kc2 Be5 33.Bf3 Bxg3 34.h5 Be5 35.e3 g5
36.hxg6 fxg6 37.Bc5 Kf7 38.Bd4 Kf6 39.Kb2 h5 40.Ka3 Bd7 41.Bb6 Ke7 42.Bd4 Kd6
43.Ba7 Bg4 44.Bg2 h4 45.Kxa4 h3 46.Bf1 h2 47.Bg2  0-1

[Event "ASEAN Masters Circuit GMA"]
[Site "Tarakan INA"]
[Date "2008.01.17"]
[Round "9"]
[White "Nouri,H"]
[Black "Torre,E"]
[Result "0-1"]
[WhiteElo "2404"]
[BlackElo "2519"]

1.Nf3 d5 2.c4 d4 3.g3 Nc6 4.Bg2 e5 5.d3 Bb4+ 6.Nbd2 a5 7.a3 Be7 8.O-O Nf6
9.Rb1 a4 10.b4 axb3 11.Rxb3 Nd7 12.Ne1 O-O 13.Nc2 Nc5 14.Rb1 Bd7 15.Bb2 Na5
16.Nb4 Ba4 17.Qe1 Re8 18.Ne4 Nab3 19.Nxc5 Nxc5 20.e3 Bg5 21.Qe2 Bd7 22.exd4 exd4
23.Qd1 Bf6 24.Bc1 c6 25.g4 h5 26.g5 Bxg5 27.Qxh5 Bxc1 28.Qxc5 Bf4 29.Qh5 Ra5
30.c5 Re5 31.Qf3 Qh4  0-1

[Event "115th ch-NZL"]
[Site "Auckland NZL"]
[Date "2008.01.18"]
[Round "5"]
[White "Dive,RJ"]
[Black "Van Riemsdijk,H"]
[Result "0-1"]
[WhiteElo "2341"]
[BlackElo "2391"]

1.Nf3 d5 2.c4 e6 3.d4 Nf6 4.Nc3 Bb4 5.e3 O-O 6.Bd3 c5 7.O-O Nc6 8.a3 Bxc3
9.bxc3 Qc7 10.h3 dxc4 11.Bxc4 e5 12.Ba2 e4 13.Nd2 Bf5 14.a4 Rfd8 15.Ba3 b6
16.Qe2 Bg6 17.Rfc1 Qd7 18.Nc4 Qf5 19.Rab1 Bh5 20.Qf1 Rd5 21.Nxb6 axb6 22.Rxb6 Rd6
23.Bxc5 Nd7 24.Rb5 Rg6 25.Bd6 Qxh3 26.Bg3 Rf6 27.Qc4 Bg4 28.Bb3 Be2 29.Rb1 Nf8
30.Bc2 Nb8 31.d5  0-1

[Event "Kots Mem"]
[Site "Donetsk UKR"]
[Date "2008.01.18"]
[Round "1"]
[White "Iljin,T"]
[Black "Kuchkin,M"]
[Result "0-1"]
[WhiteElo "2442"]
[BlackElo "2086"]

1.Nf3 d5 2.c4 e6 3.g3 c6 4.b3 Nf6 5.Bg2 Be7 6.O-O O-O 7.Bb2 Nbd7 8.Qc2 Re8
9.d3 Bd6 10.Nbd2 e5 11.cxd5 cxd5 12.e4 d4 13.Rac1 Nb6 14.Nc4 Nxc4 15.dxc4 b6
16.Nxd4 exd4 17.e5 Rxe5 18.Bxd4 Rb8 19.Bxe5 Bxe5 20.c5 Be6 21.Rfd1 Qe7 22.Qe2 Bg4
23.f3 Bf5 24.Kh1 bxc5 25.Re1 Re8 26.Qb5 Bd7 27.Qb7 Qd6 28.Qxa7 Bd4 29.Rxe8+ Bxe8
30.Qa8 Qe6 31.Qa5 g6 32.Re1 Qc8 33.Qd2 Kg7 34.b4 Bd7 35.bxc5 Qxc5 36.Rc1 Qa7
37.Rd1 Bc5 38.Qb2 Be6 39.Rd2 Qa5 40.h4 Ba3 41.Qd4 Bc1 42.Re2 Qb5 43.Re5 Qb8
44.Re1 Ba3 45.Kh2 Bd6 46.f4 Be7 47.Bh3 Qc8 48.Bxe6 fxe6  0-1

[Event "ch-BLR"]
[Site "Minsk BLR"]
[Date "2008.01.18"]
[Round "9"]
[White "Mihajlovskij,S"]
[Black "Borsuk,Y"]
[Result "0-1"]
[WhiteElo "2466"]
[BlackElo "2268"]

1.Nf3 d5 2.c4 e6 3.g3 Nf6 4.Bg2 Be7 5.O-O O-O 6.d4 Nbd7 7.Qc2 c6 8.Nbd2 b5
9.c5 Qc7 10.e4 e5 11.Re1 exd4 12.Nxd4 Bxc5 13.N2b3 Bxd4 14.Nxd4 dxe4 15.Bf4 Qb6
16.Qxc6 Qxc6 17.Nxc6 Bb7 18.Ne7+ Kh8 19.Rac1 Nb6 20.Rc7 Bd5 21.b3 Be6 22.Be5 Nbd7
23.Bd4 Rfe8 24.Nc6 a6 25.Ne5 Nxe5 26.Bxe5 Bd5 27.Bb2 Rac8 28.Rec1 Rxc7 29.Rxc7 h6
30.Bxf6 gxf6 31.Kf1 Kg7 32.Ke2 f5 33.Ke3 Rd8 34.Bf1 Rd6 35.Rc2 Be6 36.Be2 Kf6
37.Rc5 Bd5 38.Kf4 Be6 39.Rc2 Rb6 40.b4 Rd6 41.a3 Kg6 42.h3 h5 43.h4 f6 44.Ke3 Bc4
45.Bxc4 bxc4 46.Rxc4 Rd3+ 47.Ke2 Rxa3 48.Rc6 f4 49.gxf4 Kf5 50.Rb6 Rb3 51.Rxa6 Rxb4
52.Kf1 Rb3 53.Kg2 Rf3 54.Ra5+ Kg4 55.f5 Kxh4 56.Ra4 Rf4 57.Ra6 Kg5 58.Ra8 Rg4+
59.Kh3 Kxf5 60.Ra5+ Kg6 61.f3 exf3 62.Ra1 Kg5 63.Ra5+ f5 64.Ra2 h4 65.Ra1 f2
66.Rf1 Rf4 67.Rxf2 Rg4 68.Ra2 Rg3+ 69.Kh2 Kg4 70.Ra8 f4 71.Rg8+ Kf3 72.Rh8 Rg7
73.Rb8 Re7 74.Rb3+ Kf2 75.Rb4 f3 76.Rb3 Re2 77.Kh3 Re3 78.Rb1 Ke2 79.Rb2+ Kf1
80.Rb1+ Re1 81.Rb3 f2 82.Kh2 Ke2 83.Rb2+ Ke3  0-1

[Event "GMA1"]
[Site "Marianske Lazne CZE"]
[Date "2008.01.19"]
[Round "1"]
[White "Vavrak,P"]
[Black "Meduna,E"]
[Result "1/2-1/2"]
[WhiteElo "2472"]
[BlackElo "2431"]

1.Nf3 d5 2.c4 c6 3.e3 Nf6 4.Nc3 Bg4 5.cxd5 Bxf3 6.Qxf3 cxd5 7.Bb5+ Nc6 8.Bxc6+ bxc6
9.b3 e6 10.O-O Bb4 11.Bb2 O-O 12.Rac1 Qe7 13.Rc2 Nd7 14.Na4 Rac8 15.Rfc1 Ba3
16.Bxa3 Qxa3 17.Qe2 Rc7 18.Qa6 Qd6 19.d4 Qb4 20.Nc5 Nb8 21.Qe2 Qb6 22.f4 Re7
23.Qg4 f6 24.Rf1 Rfe8 25.h3 Na6 26.Nxa6 Qxa6 27.Qe2 Qxe2  1/2-1/2

[Event "6th Parsvnath Open"]
[Site "New Delhi IND"]
[Date "2008.01.19"]
[Round "9"]
[White "Pradeep,KR"]
[Black "Bishwabijaya,G"]
[Result "1-0"]
[WhiteElo "2238"]
[BlackElo "2095"]

1.Nf3 d5 2.c4 c6 3.Qc2 Nf6 4.g3 g6 5.Bg2 Bg7 6.O-O O-O 7.d3 Re8 8.Bf4 Nbd7
9.cxd5 Nxd5 10.Bd2 Qb6 11.Nc3 N7f6 12.Na4 Qc7 13.e4 Nb6 14.Ba5 Bg4 15.d4 Bxf3
16.Bxf3 Nfd7 17.e5 e6 18.Nc3 Rac8 19.Rac1 Bh6 20.Rcd1 Qb8 21.Ne4 Bf8 22.Be2 Nd5
23.Qd2 c5 24.Bb5 Re7 25.Nd6 cxd4 26.Nxc8 Qxc8 27.Qxd4 b6 28.Bb4 Nc5 29.Bd2 Bg7
30.b4 Nd7 31.Rc1 Qb8 32.f4 f6 33.Qc4 h5 34.Qc8+ Qxc8 35.Rxc8+ Kh7 36.Rd8 Nf8
37.exf6 Nxf6 38.Bc3 Kg8 39.Be5 Nd5 40.Bd6 Rf7 41.Be8 Bd4+ 42.Kh1 Rf6 43.Rc1 Kg7
44.Rcc8 Ne3 45.Bxf8+ Rxf8 46.Rxd4 e5 47.Rd7+ Kh6 48.Rf7 Rh8 49.Rf6 Rg8 50.Bd7  1-0

[Event "6th Parsvnath Open"]
[Site "New Delhi IND"]
[Date "2008.01.20"]
[Round "10"]
[White "Mahjoob,M"]
[Black "Shyam,N"]
[Result "1-0"]
[WhiteElo "2504"]
[BlackElo "2301"]

1.Nf3 d5 2.c4 dxc4 3.e3 Nf6 4.Bxc4 e6 5.O-O Be7 6.Qe2 a6 7.Bb3 c5 8.Rd1 O-O
9.d4 cxd4 10.exd4 b5 11.Nc3 Bb7 12.Bg5 b4 13.Bxf6 Bxf6 14.Ne4 Be7 15.Rac1 Bd5
16.Ne5 f6 17.Nd3 Bxb3 18.axb3 Re8 19.Ng5 fxg5 20.Qxe6+ Kh8 21.Ne5 Rf8 22.Rc8 Qxc8
23.Nf7+ Rxf7 24.Qxc8+ Rf8 25.Qb7 Nd7 26.Qxd7 Bf6 27.Qg4 a5 28.g3 h6 29.Rd2 Rfd8
30.d5 Be5 31.Qe6 Re8 32.Qf5 Bd6 33.Kf1 Rad8 34.Re2 Rxe2 35.Kxe2 Rf8 36.Qe4 Rf6
37.f3 Kg8 38.Kd3 Bf8 39.Kc4 Rb6 40.Qe8 Rd6 41.f4 gxf4 42.gxf4 Rb6 43.f5 Rd6
44.h4 Rb6 45.Kd4 Rd6 46.Ke4 Rb6 47.Ke5 Rf6 48.h5 Kh7 49.Qg6+ Kg8 50.Qe8 Kh7
51.Qc6 Kg8 52.Qa8 Kf7 53.Qd8 Kg8 54.Qxa5 Bd6+ 55.Ke4 Kf7 56.Qa7+ Kf8 57.Qd7 Kg8
58.Qe8+ Kh7 59.Kd4 Bf8 60.Ke4 Bd6 61.Qd8 Bg3 62.Kd4 Bd6 63.Qd7 Kg8 64.Kc4 Bf8
65.Kb5 Rd6 66.Qb7 Rf6 67.Qc8 Rd6 68.Kc4 Rf6 69.Qe8 Kh7 70.Kb5 Kg8 71.Kc4 Kh7
72.Kd4 Bd6 73.Qd8 Bf8 74.Ke5 Kg8 75.Qd7 Bc5 76.Qc8+ Bf8 77.d6 Rxd6 78.Qxf8+ Kxf8
79.Kxd6 Kf7 80.Kc5 Kf6 81.Kxb4 Kxf5 82.Kc5 g5 83.hxg6 Kxg6 84.b4 h5 85.b5 h4
86.b6 h3 87.b7 h2 88.b8=Q h1=Q 89.Qd6+ Kg7 90.Qd7+ Kf8 91.b4 Qg1+ 92.Kc6 Qg2+
93.Qd5 Qb2 94.b5 Ke7 95.Qd6+ Kf7 96.b6 Qc3+ 97.Qc5 Qf6+ 98.Kc7 Qf4+ 99.Qd6 Qc4+
100.Qc6 Qf4+ 101.Kc8 Kf8 102.Qc5+ Ke8 103.Qb5+ Ke7 104.Qd7+ Kf8 105.Qe6 Qb4
106.Qf6+ Ke8 107.Qd8+ Kf7 108.b7  1-0

[Event "ch-Kyiv Men"]
[Site "Kyiv UKR"]
[Date "2008.01.21"]
[Round "3"]
[White "Bidkova,V"]
[Black "Moiseev,Ig"]
[Result "0-1"]
[WhiteElo "2028"]
[BlackElo "2243"]

1.Nf3 d5 2.c4 dxc4 3.Qa4+ Nc6 4.Qxc4 e5 5.g3 Be6 6.Qa4 Qd7 7.Bg2 Be7 8.d3 h5
9.h4 Nh6 10.Bxh6 Rxh6 11.Nc3 Rg6 12.Ng5 Bg4 13.Qb5 Nd4 14.Qxd7+ Bxd7 15.Rc1 c6
16.Nf3 Bd6 17.Ne4 Bb4+ 18.Kf1 Nxf3 19.Bxf3 Bg4 20.Bxg4 hxg4 21.Rc4 Be7 22.e3 f5
23.Nc5 O-O-O 24.Ke2 Rh6 25.Rd1 g5 26.hxg5 Bxg5 27.Nb3 Re8 28.Rcc1 f4 29.Rh1 f3+
30.Kd2 Reh8 31.Rxh6 Rxh6 32.Rf1 b6 33.Kc2 Rh2 34.Nd2 Kc7 35.Kc3 b5 36.b4 Kb6
37.Ne4 Be7 38.Kb3 a5 39.a3 a4+ 40.Kb2 c5 41.bxc5+ Bxc5 42.Nxc5 Kxc5 43.Rc1+ Kb6
44.Rc2 Rh1 45.Rc8 Rf1 46.Rc2 Rd1 47.Kc3 Rb1 48.Rb2 Ra1 49.Kb4 Re1 50.Kc3 Re2
51.Rb4 Rxf2 52.Rxg4 Ra2 53.Rg6+ Kc5 54.d4+ Kd5 55.Rf6 Rxa3+ 56.Kb4 Rb3+ 57.Ka5 exd4
58.exd4 a3  0-1

[Event "6th Gibtelecom Masters"]
[Site "Gibraltar ENG"]
[Date "2008.01.24"]
[Round "3"]
[White "Erdelyi,T"]
[Black "Reppen,E"]
[Result "1-0"]
[WhiteElo "2186"]
[BlackElo "1918"]

1.Nf3 d5 2.c4 d4 3.g3 Nf6 4.Bg2 e6 5.O-O Be7 6.b4 O-O 7.Qb3 c5 8.bxc5 Bxc5
9.Ba3 Bxa3 10.Nxa3 Nc6 11.d3 Rb8 12.Nd2 Na5 13.Qb2 Re8 14.Rab1 e5 15.Qb4 Bd7
16.Nb5 Nc6 17.Qb2 Bf5 18.c5 Bg6 19.Nd6 Rf8 20.Nxb7 Qc7 21.Qb5 Ne7 22.Qc4 Nd7
23.c6 Nb6 24.Qb5 e4 25.Nxe4 Ned5 26.Ned6 Nc3 27.Qb2 Nxb1 28.Rxb1 Qe7 29.Bf3 Nc8
30.Nxc8 Rfxc8 31.Qxd4 Bf5 32.g4 Be6 33.a4 Qc7 34.Rb5 a6 35.Rb4 Rf8 36.Qf4 Qxf4
37.Rxf4 Bc8 38.Nd6 Rb1+ 39.Kg2 Be6 40.Nb7 Rc1 41.Rb4 f5 42.h3 fxg4 43.hxg4 g5
44.Rd4 Rf4 45.e3 Rf8 46.Rd6 Bb3 47.a5 Bd1 48.Bxd1 Rxd1 49.Nc5 Ra1 50.Ne6 Re8
51.c7 Rc1 52.d4 h6 53.d5 Kf7 54.Rd7+ Kf6 55.e4 Rxe6 56.dxe6 Kxe6 57.Rh7 Ke5
58.f3 Kf4 59.Rf7+ Ke5 60.Kf2 Rc3 61.Ke2 Ke6 62.Kd2 Rc6 63.Rh7 Ke5 64.Rxh6 Rxc7
65.Rxa6 Rc5 66.Ra8 Kf4 67.Rf8+ Kg3 68.Rf5  1-0

[Event "6th ch-PriFO Men"]
[Site "Kazan RUS"]
[Date "2008.01.24"]
[Round "2"]
[White "Poniaev,R"]
[Black "Bakunin,D"]
[Result "1-0"]
[WhiteElo "2305"]
[BlackElo "1998"]

1.Nf3 d5 2.c4 c6 3.d4 Nf6 4.e3 a6 5.a4 Ne4 6.Bd3 Nd7 7.O-O Ndf6 8.Ne5 dxc4
9.Bxc4 e6 10.Nc3 Nd6 11.Bd3 Be7 12.e4 O-O 13.Be3 Nd7 14.Nf3 Kh8 15.b4 f5
16.e5 Nf7 17.Qb3 Nb6 18.b5 g5 19.bxc6 bxc6 20.Rab1 Nd5 21.Nxd5 cxd5 22.Bd2 g4
23.Ne1 Rg8 24.f4 gxf3 25.Nxf3 Qf8 26.Bb4 Qg7 27.Rf2 Rb8 28.Bxe7 Rxb3 29.Rxb3 Qh6
30.Bf6+ Rg7 31.Rc2 Qe3+ 32.Kh1 h6 33.Rxc8+ Kh7 34.Bxf5+  1-0

[Event "6th Gibtelecom Masters"]
[Site "Gibraltar ENG"]
[Date "2008.01.26"]
[Round "5"]
[White "Erdelyi,T"]
[Black "Dimitrov,Pa"]
[Result "0-1"]
[WhiteElo "2186"]
[BlackElo "2448"]

1.Nf3 d5 2.c4 c6 3.Qa4 Nd7 4.cxd5 cxd5 5.Nc3 Nf6 6.d4 Qb6 7.Qb3 e6 8.Bf4 a6
9.e3 Bb4 10.Bd3 Nh5 11.Bg3 Nxg3 12.hxg3 h6 13.O-O O-O 14.Rfc1 Bd6 15.Qxb6 Nxb6
16.a4 Bd7 17.a5 Nc8 18.Ne5 Be8 19.Bc2 Ne7 20.Na4 Bxe5 21.dxe5 Bb5 22.Nb6 Rad8
23.Rd1 Nc6 24.f4 d4 25.Kf2 Nb4 26.Be4 dxe3+ 27.Kxe3 Bc6 28.Nc4 Bxe4 29.Kxe4 Rc8
30.Rdc1 f5+ 31.exf6 gxf6 32.b3 Rfd8 33.Nb6 f5+ 34.Kf3 Rd3+ 35.Kf2 Rcd8 36.Rc8 Rxc8
37.Nxc8 Rxb3 38.Nb6 Nd3+ 39.Ke2 Nc5 40.Rd1 Rxg3 41.Rd8+ Kf7 42.Nc4 Rxg2+
43.Kd1 Rf2 44.Rc8 Nd3  0-1

[Event "13th HIT Open A"]
[Site "Nova Gorica SLO"]
[Date "2008.01.26"]
[Round "1"]
[White "Skoberne,J"]
[Black "Tomazini,A"]
[Result "1-0"]
[WhiteElo "2484"]
[BlackElo "2151"]

1.Nf3 d5 2.c4 e6 3.g3 Nf6 4.Bg2 c6 5.d4 Bb4+ 6.Bd2 Be7 7.O-O O-O 8.Bf4 Nbd7
9.Qc2 Ne4 10.Ne5 f5 11.f3 Nxe5 12.Bxe5 Nd6 13.Bxd6 Qxd6 14.f4 b5 15.c5 Qc7
16.Nd2 a5 17.Rf3 Bf6 18.Rd3 Bd7 19.Nf3 Be8 20.Re3 Qd7 21.Qd2 Bh5 22.Ne5 Bxe5
23.Rxe5 Rf6 24.e4 Bf7 25.exf5 exf5 26.Bh3 g6 27.Kh1 Re6 28.Rg1 Rxe5 29.fxe5 Be6
30.Bf1 Ra7 31.Bd3 Qc8 32.Rf1 Qd8 33.g4 fxg4 34.Rf6 Qe8 35.Qg5 Rg7 36.Kg2 Qe7
37.Kg3 Qe8 38.Be2 h5 39.Bd3 Bf7 40.Rd6 Qf8 41.Rxc6 Be8 42.Rf6 Qe7 43.Kh4 Kh7
44.Qxh5+ Kg8 45.Qg5 Rh7+ 46.Kxg4 Bd7+ 47.Kg3 Rh3+ 48.Kg2 Rxd3 49.Rxg6+  1-0

[Event "6th ch-PriFO Men"]
[Site "Kazan RUS"]
[Date "2008.01.28"]
[Round "6"]
[White "Kamov,I"]
[Black "Dimukhametov,A"]
[Result "1-0"]
[WhiteElo "2196"]
[BlackElo "2334"]

1.Nf3 d5 2.c4 e6 3.cxd5 exd5 4.d4 Nf6 5.Nc3 Nbd7 6.Bg5 Bb4 7.e3 c5 8.Bd3 Qa5
9.O-O c4 10.Bf5 Bxc3 11.bxc3 Qxc3 12.Bxf6 gxf6 13.Qa4 Kd8 14.Rab1 Nb6 15.Rxb6 axb6
16.Qxa8 Kc7 17.Bxc8 Rxc8 18.Qa4 Qb2 19.Ne1 b5 20.Qa7 Qb4 21.Nc2 Qb2 22.Qc5+ Kb8
23.Qd6+ Ka7 24.Qa3+ Qxa3 25.Nxa3 b4 26.Nc2 b3 27.axb3 cxb3 28.Nb4 Rc3 29.Ra1+ Kb8
30.Rb1 b2 31.Na2 Rc2 32.g3 Kc7 33.Kg2 Kb6 34.Nb4 Rd2 35.Nxd5+ Kb5 36.Nc3+ Kb4
37.Nd1 Kb3 38.Rxb2+  1-0

[Event "Winter Open"]
[Site "Belgrade SRB"]
[Date "2008.01.29"]
[Round "8"]
[White "Radulovic,Du"]
[Black "Ravic,N"]
[Result "1-0"]
[WhiteElo "2278"]
[BlackElo "2172"]

1.Nf3 d5 2.c4 dxc4 3.Na3 c5 4.g3 Nc6 5.Nxc4 b5 6.Nce5 Nxe5 7.Nxe5 Qd5 8.Nf3 Bb7
9.Bg2 Nf6 10.O-O e6 11.a4 b4 12.d3 Be7 13.Ne1 Qd7 14.Bxb7 Qxb7 15.Ng2 O-O
16.Ne3 Nd5 17.Nc4 Bf6 18.a5 Rfd8 19.Be3 Nxe3 20.fxe3 h5 21.Qe1 Qe7 22.Qf2 Rd5
23.Qg2 Rc8 24.Rf2 Rc7 25.Raf1 Qd8 26.h4 Qb8 27.Rf4 Bd8 28.Qf3 Qb7 29.a6 Qb8
30.Rxf7 Bf6 31.Rxc7 Qxc7 32.e4 Rd8 33.Kg2 Rf8 34.Qxh5 Be7 35.Rxf8+ Kxf8 36.Ne5 Bf6
37.Ng6+ Kg8 38.e5 Be7 39.Qf3  1-0